Statistics for Eurovision - Albania recieved 12 points

Click here to take the quiz!

General Stats

  • This quiz has been taken 64 times
  • The average score is 6 of 8

Answer Stats

# Country % Correct
2Greece
100%
11F.Y.R. Macedonia
98%
2Italy
98%
4Montenegro
89%
2Switzerland
61%
1San Marino
57%
1Austria
50%
1Azerbaijan
41%

Score Distribution

Percentile by Number Answered

Percent of People with Each Score

Your Score History

You have not taken this quiz